000
00343nam a22001577a 4500
003
SGT
020
_a
9789393159960
082
_a
150,BRO
100
_a
BROOTA,KD
245
_a
EXPERIMENTAL IN BEHAVIOURAL RESEARCH
250
_a
3RD
260
_a
NEW DELHI
_b
NEW AGE IP
_c
2023
300
_a
443
650
_a
PSYCHOLOGY
942
_2
ddc
_c
BK
_0
26
999
_c
26471
_d
26471